Nanomaterials, Nanotechnologies and Design : (Record no. 14994)
[ view plain ]
| 000 -LEADER | |
|---|---|
| fixed length control field | 00919nam a22002057a 4500 |
| 008 - FIXED-LENGTH DATA ELEMENTS--GENERAL INFORMATION | |
| fixed length control field | 110310s2009 xxu|||||r|||| 001 0 eng d |
| 020 ## - INTERNATIONAL STANDARD BOOK NUMBER | |
| International Standard Book Number | 0750681497 |
| 020 ## - INTERNATIONAL STANDARD BOOK NUMBER | |
| International Standard Book Number | 9780750681490 |
| 082 ## - DEWEY DECIMAL CLASSIFICATION NUMBER | |
| Classification number | 620.5 |
| Item number | ASH |
| 100 ## - MAIN ENTRY--PERSONAL NAME | |
| 9 (RLIN) | 4811 |
| Personal name | Ashby, Michael F. |
| 245 ## - TITLE STATEMENT | |
| Title | Nanomaterials, Nanotechnologies and Design : |
| Remainder of title | An Introduction for Engineers and Architects / |
| Statement of responsibility, etc | Michael F. Ashby, Paulo J. Ferreira & Daniel L. Schodek |
| 260 ## - PUBLICATION, DISTRIBUTION, ETC. (IMPRINT) | |
| Place of publication, distribution, etc | Amesterdam: |
| Name of publisher, distributor, etc | Elsevier, 2009 |
| Date of publication, distribution, etc | 2009 |
| 300 ## - PHYSICAL DESCRIPTION | |
| Extent | 540 p. : |
| Other physical details | col. ill. ; |
| Dimensions | 22 cm. |
| 504 ## - BIBLIOGRAPHY, ETC. NOTE | |
| Bibliography, etc | Includes bibliographical references and index |
| 650 ## - SUBJECT ADDED ENTRY--TOPICAL TERM | |
| 9 (RLIN) | 3842 |
| Topical term or geographic name as entry element | Nanotechnology. |
| 700 ## - ADDED ENTRY--PERSONAL NAME | |
| 9 (RLIN) | 18625 |
| Personal name | Schodek, Daniel L., |
| 700 ## - ADDED ENTRY--PERSONAL NAME | |
| 9 (RLIN) | 22508 |
| Personal name | Ferreira, Paulo J. |
| 942 ## - ADDED ENTRY ELEMENTS (KOHA) | |
| Source of classification or shelving scheme | Dewey Decimal Classification |
| Item type | Book - Borrowing |
| Withdrawn status | Item status | Source of classification or shelving scheme | Damaged status | Not for loan | Vendor | Home library | Current library | Shelving location | Date acquired | Source of acquisition | Cost, normal purchase price | Serial Enumeration / chronology | Total Checkouts | Total Renewals | Full call number | Barcode | Date last seen | Date last borrowed | Koha item type |
|---|---|---|---|---|---|---|---|---|---|---|---|---|---|---|---|---|---|---|---|
| Dewey Decimal Classification | Baccah | Central Library | Central Library | First floor | 10/03/2011 | 270.00 | 11866 | 4 | 13 | 620.5 ASH | 000022927 | 15/07/2025 | 21/12/2014 | Book - Borrowing |